[Event "Mont de Marsan 20th"]
[Site "Mont de Marsan"]
[Date "2023.12.26"]
[Round "2"]
[White "Oumaziz, Paul"]
[Black "Jerez Perez, Alfonso"]
[Result "0-1"]
[WhiteElo "1884"]
[BlackElo "2350"]
[PlyCount "97"]
[EventDate "2023.12.26"]
[EventType "swiss"]
[EventRounds "9"]
[EventCountry "FRA"]
[SourceTitle "CB01_2024"]
[SourceDate "2024.01.03"]
[SourceVersion "1"]
[SourceVersionDate "2024.01.03"]
[SourceQuality "1"]

1. d4 Nf6 2. c4 g6 3. Nf3 Bg7 4. Nc3 d5 5. e3 0-0 6. Bd3 c5 7. 0-0 cxd4 8. Nxd4 e5 9. Nde2 Nc6 10. Nxd5 Nxd5 11. cxd5 Qxd5 12. Nc3 Qa5 13. e4 Be6 14. Bd2 Qd8 15. Be3 Nd4 16. Qa4 a6 17. Rfe1 b5 18. Qd1 Qd7 19. Ne2 Rac8 20. Nxd4 exd4 21. Bd2 Rfe8 22. a4 Bc4 23. Bf4 bxa4 24. Bc2 Qb7 25. Rxa4 d3 26. Bxd3 Bb3 27. Qa1 Bxa4 28. Qxa4 Qxb2 29. Bxa6 Ra8 30. Qc6 Qb4 31. Rc1 Rad8 32. g3 Qxe4 33. Qxe4 Rxe4 34. Rc7 Red4 35. Bc4 R4d7 36. Rxd7 Rxd7 37. h4 Bd4 38. Kg2 Rb7 39. Kf3 Rb4 40. Ba6 Rb3+ 41. Be3 Bxe3 42. fxe3 Kf8 43. Bc4 Rb6 44. Ke4 Rf6 45. Be2 Rf2 46. Bc4 Ke7 47. Bb3 f5+ 48. Ke5 Rf3 49. g4 0-1

[Event "Creon op 27th"]
[Site "Creon"]
[Date "2023.08.01"]
[Round "2"]
[White "Jerez Perez, Alfonso"]
[Black "Bharath, Subramaniyam H"]
[Result "1/2-1/2"]
[WhiteElo "2343"]
[BlackElo "2488"]
[PlyCount "56"]
[EventDate "2023.07.31"]
[EventType "swiss"]
[EventRounds "9"]
[EventCountry "FRA"]
[SourceTitle "CBM 215 Extra"]
[Source "ChessBase"]
[SourceDate "2023.09.30"]
[SourceVersion "1"]
[SourceVersionDate "2023.09.30"]
[SourceQuality "1"]

1. e4 c5 2. c3 Nf6 3. e5 Nd5 4. Nf3 d6 5. exd6 e6 6. g3 Bxd6 7. Bg2 Nc6 8. d4 cxd4 9. Nxd4 Nxd4 10. Qxd4 0-0 11. 0-0 Qc7 12. c4 Nf6 13. Nc3 Bd7 14. Nb5 Bxb5 15. cxb5 Rfd8 16. Qc3 Nd5 17. Qb3 Be5 18. Rd1 Qb6 19. Bg5 Bf6 20. Bxf6 Nxf6 21. a4 h5 22. Qe3 Qxe3 23. fxe3 Rxd1+ 24. Rxd1 Rb8 25. Rc1 Ne8 26. Rd1 Nf6 27. Rc1 Ne8 28. Rd1 Nf6 1/2-1/2

[Event "Oviedo op 8th"]
[Site "Oviedo"]
[Date "2022.07.21"]
[Round "7"]
[White "Jerez Perez, Alfonso"]
[Black "Rottenwohrer Suarez, Juan"]
[Result "1/2-1/2"]
[WhiteElo "2339"]
[BlackElo "2231"]
[PlyCount "29"]
[EventDate "2022.07.17"]
[EventType "swiss"]
[EventRounds "9"]
[EventCountry "ESP"]
[SourceTitle "CBM 209 Extra"]
[Source "ChessBase"]
[SourceDate "2022.09.30"]
[SourceVersion "1"]
[SourceVersionDate "2022.09.30"]
[SourceQuality "1"]

1. e4 c5 2. c3 d5 3. exd5 Qxd5 4. d4 Nf6 5. Nf3 e6 6. Bd3 Be7 7. 0-0 0-0 8. c4 Qh5 9. dxc5 Nc6 10. Nc3 Rd8 11. Ng5 Qxd1 12. Rxd1 Bxc5 13. Nge4 Nxe4 14. Bxe4 Bd7 15. Be3 1/2-1/2

[Event "Catalunya-chT Final"]
[Site "Barcelona"]
[Date "2022.03.26"]
[Round "1.1"]
[White "Alsina Leal, Daniel"]
[Black "Jerez Perez, Alfonso"]
[Result "1/2-1/2"]
[WhiteElo "2512"]
[BlackElo "2344"]
[PlyCount "86"]
[EventDate "2022.03.26"]
[EventType "team-k.o."]
[EventRounds "2"]
[EventCountry "ESP"]
[SourceTitle "CBM 208 Extra"]
[Source "ChessBase"]
[SourceDate "2022.07.31"]
[SourceVersion "1"]
[SourceVersionDate "2022.07.31"]
[SourceQuality "1"]
[WhiteTeam "Barbera"]
[BlackTeam "Foment Martinenc"]
[WhiteTeamCountry "ESP"]
[BlackTeamCountry "ESP"]

1. d4 Nf6 2. c4 e6 3. Nc3 Bb4 4. e3 0-0 5. Bd3 c5 6. Nge2 d5 7. cxd5 cxd4 8. exd4 exd5 9. 0-0 Nc6 10. Nf4 Be6 11. Nxe6 fxe6 12. Bc2 Qb6 13. Be3 Rac8 14. Na4 Qd8 15. Rc1 b5 16. a3 Bxa3 17. bxa3 bxa4 18. Bxa4 Na5 19. Rxc8 Qxc8 20. Qd3 Qc4 21. Qxc4 Nxc4 22. Bc1 Ne4 23. Bd7 Kf7 24. f3 Nf6 25. Ba4 Rb8 26. Bc2 Rb6 27. Rd1 h6 28. g4 Rc6 29. Bb1 Ne8 30. h4 Ned6 31. a4 Nb6 32. h5 Nxa4 33. Bg6+ Kf6 34. Kf2 Nc3 35. Rg1 Nf7 36. Bd2 Nb5 37. Be3 a6 38. Bd3 Rc3 39. Bxb5 axb5 40. Rb1 Rc2+ 41. Kg3 Rc3 42. Kf2 Rc2+ 43. Kg3 Rc3 1/2-1/2

[Event "Catalunya-chT Gp1"]
[Site "Barcelona"]
[Date "2022.02.05"]
[Round "3.1"]
[White "Pablo Marin, Alejandro"]
[Black "Jerez Perez, Alfonso"]
[Result "1/2-1/2"]
[WhiteElo "2326"]
[BlackElo "2347"]
[PlyCount "37"]
[EventDate "2022.01.22"]
[EventType "team-tourn"]
[EventRounds "9"]
[EventCountry "ESP"]
[SourceTitle "CBM 206 Extra"]
[Source "ChessBase"]
[SourceDate "2022.03.31"]
[SourceVersion "1"]
[SourceVersionDate "2022.03.31"]
[SourceQuality "1"]
[WhiteTeam "Terrassa"]
[BlackTeam "Foment Martinenc"]
[WhiteTeamCountry "ESP"]
[BlackTeamCountry "ESP"]

1. c4 e5 2. g3 Nc6 3. Bg2 Bc5 4. e3 a6 5. Ne2 Ba7 6. Nbc3 Nge7 7. d4 exd4 8. exd4 Nf5 9. 0-0 0-0 10. Be3 Nxe3 11. fxe3 d6 12. Qd3 Ne7 13. Nf4 c6 14. Rf2 Bf5 15. Be4 Bxe4 16. Nxe4 Ng6 17. Raf1 Nxf4 18. Rxf4 Qe7 19. Nc3 1/2-1/2

[Event "Platja d'Aro op 8th"]
[Site "Platja d'Aro"]
[Date "2021.06.30"]
[Round "7"]
[White "Jerez Perez, Alfonso"]
[Black "Sivuk, Vitaly"]
[Result "1/2-1/2"]
[WhiteElo "2367"]
[BlackElo "2547"]
[PlyCount "104"]
[EventDate "2021.06.25"]
[EventType "swiss"]
[EventRounds "9"]
[EventCountry "ESP"]
[SourceTitle "CBM 203 Extra"]
[Source "ChessBase"]
[SourceDate "2021.09.30"]
[SourceVersion "1"]
[SourceVersionDate "2021.09.30"]
[SourceQuality "1"]

1. e4 c5 2. c3 Nf6 3. e5 Nd5 4. Nf3 d6 5. exd6 Qxd6 6. d4 cxd4 7. cxd4 Nc6 8. Nc3 Bg4 9. Be2 e6 10. 0-0 Rd8 11. Nxd5 Qxd5 12. Be3 Bd6 13. h3 Bh5 14. Qa4 0-0 15. Rac1 Bg6 16. Bc4 Qh5 17. Rfe1 h6 18. Be2 Qd5 19. Bc4 Qa5 20. Qb3 Qb4 21. a3 Qxb3 22. Bxb3 Be4 23. Nd2 Bd5 24. Bxd5 exd5 25. Nb3 Rfe8 26. Kf1 f5 27. Bd2 Kf7 28. Na5 Nxa5 29. Bxa5 Rc8 30. Bc3 g5 31. Rxe8 Rxe8 32. Bb4 Bf4 33. Rc5 Ke6 34. g4 fxg4 35. hxg4 Bd6 36. Rb5 b6 37. Bd2 Rc8 38. Ke2 Bf8 39. Rb3 Bg7 40. Re3+ Kd7 41. Kd3 Rf8 42. Bb4 Rf7 43. a4 a5 44. Ba3 Bh8 45. Rh3 Rf6 46. f3 Bg7 47. b3 Kc7 48. Bc1 b5 49. Bd2 Kb6 50. f4 gxf4 51. Rf3 Rg6 52. Bxf4 b4 1/2-1/2

[Event "Platja d'Aro op 8th"]
[Site "Platja d'Aro"]
[Date "2021.06.25"]
[Round "1"]
[White "Jerez Perez, Alfonso"]
[Black "Garraza Obaldia, Esteban"]
[Result "1-0"]
[WhiteElo "2367"]
[BlackElo "1968"]
[PlyCount "63"]
[EventDate "2021.06.25"]
[EventType "swiss"]
[EventRounds "9"]
[EventCountry "ESP"]
[SourceTitle "CBM 203 Extra"]
[Source "ChessBase"]
[SourceDate "2021.09.30"]
[SourceVersion "1"]
[SourceVersionDate "2021.09.30"]
[SourceQuality "1"]

1. e4 c5 2. Nf3 d6 3. d4 cxd4 4. Nxd4 Nf6 5. Nc3 a6 6. Be3 e5 7. Nf3 Qc7 8. Be2 Be7 9. 0-0 0-0 10. a4 Nc6 11. Nd5 Nxd5 12. exd5 Nb8 13. a5 Bf5 14. c4 Nd7 15. b4 Rfc8 16. Rc1 Bg6 17. Qb3 Qd8 18. Rfd1 f5 19. c5 Bf7 20. cxd6 Bxd6 21. Ng5 Bg6 22. Ne6 Qh4 23. Bc5 Qe7 24. Bxd6 Qxd6 25. Rc6 Qb8 26. Rc7 Nf8 27. d6 Bf7 28. Rxf7 Kxf7 29. Nd8+ Kg6 30. Qf7+ Kg5 31. h4+ Kf4 32. g3+ 1-0

[Event "Titled Tuesday intern op 29th Dec"]
[Site "Chess.com INT"]
[Date "2020.12.29"]
[Round "1"]
[White "Wieczorek, Zbigniew"]
[Black "Jerez Perez, Alfonso"]
[Result "0-1"]
[WhiteElo "2185"]
[BlackElo "2367"]
[PlyCount "82"]
[EventDate "2020.12.29"]
[EventType "swiss (blitz)"]
[EventRounds "11"]
[EventCountry "USA"]
[SourceTitle "CBM 200 Extra"]
[Source "ChessBase"]
[SourceDate "2021.03.31"]
[SourceVersion "1"]
[SourceVersionDate "2021.03.31"]
[SourceQuality "1"]

1. e4 c5 2. Nf3 d6 3. Bb5+ Bd7 4. c4 Nf6 5. Nc3 g6 6. d4 cxd4 7. Nxd4 Nc6 8. 0-0 Bg7 9. Re1 0-0 10. Bg5 Nxd4 11. Qxd4 a6 12. Bxd7 Qxd7 13. Rad1 Qc6 14. Qd3 Rac8 15. b3 b5 16. Nd5 Nxd5 17. exd5 bxc4 18. bxc4 Qxc4 19. Qxc4 Rxc4 20. Bxe7 Rfc8 21. Bxd6 Bf6 22. g3 Rc2 23. a3 Kg7 24. Rd3 Rd8 25. Bb4 Rd7 26. Red1 g5 27. h3 h5 28. Kg2 Be5 29. Re1 f6 30. Re4 Kg6 31. d6 Kf5 32. Re1 g4 33. hxg4+ hxg4 34. Rd5 Ke6 35. Ra5 Rc6 36. Re4 Kf5 37. Rf4+ Kg5 38. Bd2 Rc2 39. Rd4+ Kf5 40. Bf4 Rc6 41. Re4 Kxe4 0-1

[Event "Titled Tuesday intern op 19th May"]
[Site "Chess.com INT"]
[Date "2020.05.19"]
[Round "2"]
[White "Jerez Perez, Alfonso"]
[Black "Baklan, Vladimir"]
[Result "0-1"]
[WhiteElo "2367"]
[BlackElo "2587"]
[PlyCount "96"]
[EventDate "2020.05.19"]
[EventType "swiss (blitz)"]
[EventRounds "10"]
[EventCountry "USA"]
[SourceTitle "EXT 2021"]
[Source "ChessBase"]
[SourceDate "2020.10.23"]
[SourceVersion "1"]
[SourceVersionDate "2020.10.23"]
[SourceQuality "1"]

1. e4 c5 2. c3 Nf6 3. e5 Nd5 4. Nf3 Nc6 5. Bc4 Nb6 6. Bb3 c4 7. Bc2 Qc7 8. Qe2 g5 9. h3 Bg7 10. 0-0 Nxe5 11. Nxg5 d5 12. Re1 h6 13. Nf3 Nxf3+ 14. Qxf3 e5 15. d3 cxd3 16. Bxd3 Be6 17. Bf5 h5 18. Bxe6 fxe6 19. Nd2 e4 20. Qe2 0-0-0 21. Nb3 Nc4 22. Bg5 Rdg8 23. Bh4 Be5 24. Nd4 Qf7 25. Kh1 Qf4 26. g3 Qf7 27. Rf1 Kb8 28. f4 Bxd4 29. cxd4 Nd6 30. Rac1 Nf5 31. Qf2 Nxh4 32. gxh4 Qf5 33. Kh2 a6 34. Rg1 Qf6 35. Rg5 Rf8 36. Rf1 Qe7 37. Re5 Qc7 38. Rg1 Rf6 39. Rgg5 Rhf8 40. f5 Rxf5 41. Rgxf5 Rxf5 42. Qg3 Rxe5 43. dxe5 Qc2+ 44. Kh1 Qc1+ 45. Kh2 Qd2+ 46. Kh1 e3 47. Qg8+ Ka7 48. Qf8 Qc1+ 0-1

[Event "Titled Tuesday intern op 5th May"]
[Site "Chess.com INT"]
[Date "2020.05.05"]
[Round "6"]
[White "Jerez Perez, Alfonso"]
[Black "Petrosyan, Manuel"]
[Result "0-1"]
[WhiteElo "2367"]
[BlackElo "2607"]
[PlyCount "134"]
[EventDate "2020.05.05"]
[EventType "swiss (blitz)"]
[EventRounds "10"]
[EventCountry "USA"]
[SourceTitle "EXT 2021"]
[Source "ChessBase"]
[SourceDate "2020.10.23"]
[SourceVersion "1"]
[SourceVersionDate "2020.10.23"]
[SourceQuality "1"]

1. e4 g6 2. d4 Bg7 3. Nc3 d6 4. Nf3 a6 5. a4 c6 6. Be2 Nf6 7. 0-0 0-0 8. e5 Nd5 9. Nxd5 cxd5 10. Bf4 dxe5 11. Nxe5 f6 12. Nf3 Nc6 13. c4 Be6 14. cxd5 Bxd5 15. Rc1 e6 16. Bc4 Qd7 17. Re1 Rfe8 18. Bxd5 exd5 19. Qb3 g5 20. Be3 Bf8 21. h3 Kg7 22. Qd3 Bd6 23. b3 Re7 24. Bd2 Rae8 25. Rxe7+ Rxe7 26. Re1 Rxe1+ 27. Nxe1 Qe6 28. Nc2 Qe4 29. Qxe4 dxe4 30. d5 Ne7 31. Ne3 Bc5 32. d6 Bxd6 33. Bc3 Kf7 34. g4 Ke6 35. Kf1 Be5 36. Bb4 Nd5 37. Nxd5 Kxd5 38. Ke2 Bd4 39. Be7 Ke6 40. Bd8 h6 41. f3 f5 42. fxe4 fxe4 43. Bc7 Kf7 44. Bd6 Kg6 45. Bb4 h5 46. Bd6 hxg4 47. hxg4 Kf6 48. Bc7 Ke6 49. Bd8 Bf6 50. Bb6 Be5 51. Be3 Bf4 52. Bd4 Kd5 53. Bc3 b5 54. axb5 axb5 55. Bb2 Kd6 56. Bc3 Kc5 57. Kf2 e3+ 58. Ke2 Kd5 59. Kd3 Be5 60. Bb4 e2 61. Kxe2 Ke4 62. Be7 Kf4 63. Kd3 Kxg4 64. Ke4 Bc3 65. Kd5 Kf4 66. Kc5 b4 67. Bd6+ Kf3 0-1

[Event "Titled Tuesday intern op 5th May"]
[Site "Chess.com INT"]
[Date "2020.05.05"]
[Round "2"]
[White "Makarian, Rudik"]
[Black "Jerez Perez, Alfonso"]
[Result "1/2-1/2"]
[WhiteElo "2442"]
[BlackElo "2367"]
[PlyCount "148"]
[EventDate "2020.05.05"]
[EventType "swiss (blitz)"]
[EventRounds "10"]
[EventCountry "USA"]
[SourceTitle "EXT 2021"]
[Source "ChessBase"]
[SourceDate "2020.10.23"]
[SourceVersion "1"]
[SourceVersionDate "2020.10.23"]
[SourceQuality "1"]

1. d4 Nf6 2. c4 g6 3. Nc3 d5 4. Bf4 Bg7 5. e3 0-0 6. Rc1 Be6 7. c5 c6 8. Bd3 Nbd7 9. h3 b6 10. b4 a5 11. a3 axb4 12. axb4 bxc5 13. bxc5 Qa5 14. Nge2 Ne4 15. Bxe4 dxe4 16. 0-0 Bd5 17. Nxd5 cxd5 18. c6 Nb6 19. Rc5 Qa6 20. Nc3 e6 21. Nb5 Na4 22. Nc7 Qa7 23. Nxa8 Nxc5 24. Qa1 Qxa8 25. Qxa8 Rxa8 26. dxc5 e5 27. Bg5 f6 28. Bh4 Rc8 29. Rd1 Rxc6 30. Rxd5 Rc7 31. g4 g5 32. Bg3 Bf8 33. Rd8 Rxc5 34. Ra8 Rc7 35. Ra4 Kf7 36. Rxe4 Kg6 37. Ra4 Be7 38. Ra6 Kf7 39. Kg2 Rc4 40. Kf3 h6 41. Rb6 Ra4 42. Rc6 Rb4 43. e4 Rb3+ 44. Ke2 Ra3 45. Rc2 Rb3 46. h4 Ke6 47. h5 Bd6 48. f3 Rb7 49. Bf2 Be7 50. Be3 Kf7 51. Kd3 Ke6 52. Rc6+ Kd7 53. Rb6 Rxb6 54. Bxb6 Kc6 55. Be3 Bd6 56. Kc4 Be7 57. Ba7 Bd6 58. Be3 Be7 59. Bd2 Bd6 60. Ba5 Be7 61. Bc3 Bd6 62. Bd2 Be7 63. Ba5 Kd7 64. Kd5 Bf8 65. Bb6 Be7 66. Ba5 Bf8 67. Bc3 Bd6 68. Bb2 Bf8 69. Ba1 Bd6 70. Bc3 Bf8 71. Ba5 Be7 72. Bd2 Bf8 73. Bc3 Bd6 74. Ba5 Bf8 1/2-1/2

[Event "Titled Tuesday intern op 28th Apr"]
[Site "Chess.com INT"]
[Date "2020.04.28"]
[Round "6"]
[White "Pavlov, Danila"]
[Black "Jerez Perez, Alfonso"]
[Result "1-0"]
[WhiteElo "2348"]
[BlackElo "2367"]
[PlyCount "75"]
[EventDate "2020.04.28"]
[EventType "swiss (blitz)"]
[EventRounds "10"]
[EventCountry "USA"]
[SourceTitle "EXT 2021"]
[Source "ChessBase"]
[SourceDate "2020.10.23"]
[SourceVersion "1"]
[SourceVersionDate "2020.10.23"]
[SourceQuality "1"]

1. e4 Nc6 2. Nf3 d6 3. d4 Nf6 4. Nc3 Bg4 5. Be2 e6 6. Be3 d5 7. e5 Ne4 8. Nb1 Be7 9. h3 Bh5 10. g4 Bg6 11. h4 h5 12. g5 Qd7 13. c3 f6 14. gxf6 gxf6 15. Rg1 Bf7 16. Nbd2 0-0-0 17. exf6 Nxf6 18. Qc2 Ng4 19. Bg5 Rdg8 20. Bxe7 Qxe7 21. Ng5 e5 22. Qf5+ Kb8 23. Qxf7 Qd6 24. Bxg4 hxg4 25. Qe6 Rxh4 26. Qxd6 cxd6 27. Nf7 exd4 28. Nxd6 dxc3 29. bxc3 Rh6 30. Nf5 Re6+ 31. Kf1 Rf6 32. Ne3 g3 33. f3 Ne5 34. Kg2 Nd3 35. Ng4 Rxg4 36. fxg4 Rf2+ 37. Kxg3 Rxd2 38. Rad1 1-0

[Event "Titled Tuesday intern op 28th Apr"]
[Site "Chess.com INT"]
[Date "2020.04.28"]
[Round "1"]
[White "Ponkratov, Pavel"]
[Black "Jerez Perez, Alfonso"]
[Result "1-0"]
[WhiteElo "2631"]
[BlackElo "2367"]
[PlyCount "65"]
[EventDate "2020.04.28"]
[EventType "swiss (blitz)"]
[EventRounds "10"]
[EventCountry "USA"]
[SourceTitle "EXT 2021"]
[Source "ChessBase"]
[SourceDate "2020.10.23"]
[SourceVersion "1"]
[SourceVersionDate "2020.10.23"]
[SourceQuality "1"]

1. d4 Nf6 2. c4 g6 3. Nc3 d5 4. cxd5 Nxd5 5. e4 Nxc3 6. bxc3 Bg7 7. Qa4+ c6 8. Nf3 0-0 9. Be3 c5 10. Rc1 Nc6 11. d5 Ne5 12. Nxe5 Bxe5 13. Be2 b6 14. f4 Bd7 15. Qc2 Bg7 16. c4 e6 17. 0-0 exd5 18. cxd5 Rc8 19. e5 c4 20. a4 Bf5 21. Qd2 c3 22. Qd4 Rc5 23. d6 c2 24. g4 Be6 25. Qd2 Qc8 26. h3 h5 27. gxh5 Bxh3 28. Rf2 Bf5 29. Bxc5 Qxc5 30. Bd3 Bxd3 31. Qxd3 Qb4 32. Rcxc2 Qxa4 33. d7 1-0

[Event "Titled Tuesday intern op 14th April"]
[Site "Chess.com INT"]
[Date "2020.04.14"]
[Round "1"]
[White "Pulpan, Jakub"]
[Black "Jerez Perez, Alfonso"]
[Result "1-0"]
[WhiteElo "2407"]
[BlackElo "2367"]
[PlyCount "89"]
[EventDate "2020.04.14"]
[EventType "swiss (blitz)"]
[EventRounds "10"]
[EventCountry "USA"]
[SourceTitle "EXT 2021"]
[Source "ChessBase"]
[SourceDate "2020.10.23"]
[SourceVersion "1"]
[SourceVersionDate "2020.10.23"]
[SourceQuality "1"]

1. e4 Nc6 2. Nf3 d6 3. d4 Nf6 4. d5 Nb8 5. Nc3 Bg4 6. Be2 g6 7. 0-0 Bg7 8. a4 0-0 9. Be3 c6 10. h3 Bxf3 11. Bxf3 cxd5 12. exd5 Nbd7 13. Bd4 a6 14. Re1 Re8 15. Qd2 Qc7 16. Ra3 Nc5 17. b4 Ncd7 18. Rb3 Ne5 19. Bxe5 dxe5 20. Qe2 Nd7 21. Ne4 Rac8 22. Rc3 Qb6 23. Rb3 Qc7 24. c3 h6 25. Rd1 Red8 26. d6 exd6 27. Nxd6 Rb8 28. Nxb7 Rxb7 29. Bxb7 Qxb7 30. c4 Rc8 31. Rdb1 e4 32. c5 Ne5 33. b5 axb5 34. Qxb5 Qe7 35. a5 Rxc5 36. Qb8+ Kh7 37. a6 Rc2 38. a7 Qf6 39. Qb6 Rc6 40. Qe3 Ra6 41. Rb8 Nc4 42. Qxe4 Rxa7 43. Qxc4 Ra2 44. Qc5 h5 45. Qe3 1-0

[Event "Titled Tuesday intern op 14th April"]
[Site "Chess.com INT"]
[Date "2020.04.14"]
[Round "8"]
[White "Swicarz, Maciej"]
[Black "Jerez Perez, Alfonso"]
[Result "1/2-1/2"]
[WhiteElo "2325"]
[BlackElo "2367"]
[PlyCount "127"]
[EventDate "2020.04.14"]
[EventType "swiss (blitz)"]
[EventRounds "10"]
[EventCountry "USA"]
[SourceTitle "EXT 2021"]
[Source "ChessBase"]
[SourceDate "2020.10.23"]
[SourceVersion "1"]
[SourceVersionDate "2020.10.23"]
[SourceQuality "1"]

1. c4 e5 2. Nc3 Nc6 3. Nf3 Nf6 4. e4 Bc5 5. Nxe5 Nxe5 6. d4 Bb4 7. dxe5 Nxe4 8. Qf3 Nxc3 9. bxc3 Bc5 10. Qg3 0-0 11. Bh6 g6 12. Bxf8 Qxf8 13. Bd3 d6 14. 0-0 dxe5 15. Qxe5 Be6 16. Rfe1 Rd8 17. Bf1 Bd6 18. Qe3 b6 19. Rad1 Rc8 20. g3 Qg7 21. Qd4 Bc5 22. Qxg7+ Kxg7 23. Re4 a5 24. h4 h5 25. Rd2 a4 26. Kh2 a3 27. Bh3 Bxh3 28. Kxh3 Bd6 29. Kg2 Ra8 30. Rd1 Ra5 31. Rd5 Ra4 32. Red4 Bc5 33. Re4 Bd6 34. Kf3 f5 35. Red4 Kf7 36. Ke2 Bc5 37. Rd7+ Ke6 38. Rxc7 Bxd4 39. cxd4 Kd6 40. Rg7 Rxc4 41. Rxg6+ Kd5 42. Rxb6 Rc2+ 43. Ke3 Rxa2 44. Rb5+ Kc4 45. Rxf5 Rc2 46. Rxh5 a2 47. Ra5 Kb4 48. Rxa2 Rxa2 49. h5 Kc4 50. g4 Kd5 51. h6 Ra3+ 52. Kf4 Rd3 53. g5 Rxd4+ 54. Kf5 Rh4 55. f4 Kd6 56. Kg6 Rxf4 57. h7 Rh4 58. Kg7 Ke6 59. g6 Kf5 60. Kf7 Rh6 61. h8Q Rxh8 62. g7 Rh7 63. Kf8 Rxg7 64. Kxg7 1/2-1/2